000 00683cam a2200229 a 4500
003 OSt
005 20171025212501.0
008 891114s1989 enk b 001 0 eng
010 _a 89206632
020 _a0420478302
040 _aDLC
_cDLC
_dDLC
082 0 0 _a342
_222
_bWAD
100 1 _aWade, William,
_cSir,
_d1918-
_9461
245 1 0 _aConstitutional Fundamentals /
_cby William Wade.
250 _bRev. ed.
260 _aLondon ;
_bStevens,
_c1989.
300 _axviii, 106 p. ;
_c18 cm.
440 4 _aThe Hamlyn lectures ;
_v32nd ser.
_9462
504 _aIncludes bibliographical references and indexes.
650 0 _aConstitutional law
_zGreat Britain.
_9463
942 _2ddc
_cBK
999 _c162
_d162